00661nam a2200241 a 4500001001300000003000900013005001700022008004100039020000900080082001300089100001900102245003100121260003500152300000900187500003500196505001000231650001500241700001900256902000800275942000700283952011200290999001700402nice12345678IN_TiNIC20260116013855.0050524s1997 newa grp 000 0 eng  ac7500a651bPRA aPratley, Peter aEssence of Business Ethics aNew DelhibPrentice-Hallc1997 a233p aincludes index and biblioraphy2 aindex aManagement1 aPratley, Peter bSRS cBK 001040708StackRoom-aHMIbHMId2007-06-12g75.00l0o651 PRAp019733r2019-07-11v75.00w2005-05-24yBK c12900d12900